| 000 | 00337nam a22001337a 4500 | ||
|---|---|---|---|
| 008 | 170616b xxu||||| |||| 00| 0 eng d | ||
| 020 | _a9780072863819 | ||
| 041 | _aeng | ||
| 080 |
_210 _a32 |
||
| 100 | _a20 | ||
| 101 | _aSHP | ||
| 245 |
_aRUSSIA THE EUROSIAN REPUBLICS AND CENTRAL EASTERN EUROPE _cGOLDMAN,M.L |
||
| 942 |
_2udc _cBK |
||
| 999 |
_c17983 _d17983 |
||